Cơ sở sinh lí học - vi sinh vật
محفوظ في:
| المؤلف الرئيسي: | |
|---|---|
| التنسيق: | كتاب |
| اللغة: | Undetermined |
| منشور في: |
Hà Nội
Khoa học và Kỹ thuật
1970
|
| الموضوعات: | |
| الوسوم: |
إضافة وسم
لا توجد وسوم, كن أول من يضع وسما على هذه التسجيلة!
|
| Thư viện lưu trữ: | Trung tâm Học liệu Trường Đại học Cần Thơ |
|---|
| LEADER | 00634nam a2200193Ia 4500 | ||
|---|---|---|---|
| 001 | CTU_8213 | ||
| 008 | 210402s9999 xx 000 0 und d | ||
| 082 | |a 576.11 | ||
| 082 | |b I.22 | ||
| 100 | |a Ierusalimski, N D | ||
| 245 | 0 | |a Cơ sở sinh lí học - vi sinh vật | |
| 245 | 0 | |c N D Ierusalimski ; Dịch giả Nguyễn Lân Dũng | |
| 260 | |a Hà Nội | ||
| 260 | |b Khoa học và Kỹ thuật | ||
| 260 | |c 1970 | ||
| 526 | |a Vi sinh thực phẩm,Vi sinh thực phẩm chuyên sâu | ||
| 526 | |b NN675,NN945 | ||
| 650 | |a Microorganisms | ||
| 980 | |a Trung tâm Học liệu Trường Đại học Cần Thơ | ||